000
00305nam a2200109Ia 4500
008
200302s9999 xx 000 0 und d
100
_a
Sandeep Mantri
245
_a
Practical Building Construction and Its Management
260
_b
Mantri Projects & Consultancy Pvt. Ltd.
260
_c
2001
300
_a
665 P.,
999
_c
1346
_d
1346